[Event "Hastings Masters op 87th"]
[Site "Hastings"]
[Date "2011.12.31"]
[Round "4"]
[White "Griffiths, Ryan Rhys"]
[Black "Lakshmi, Sahiti P"]
[Result "1-0"]
[WhiteElo "2310"]
[BlackElo "2110"]
[PlyCount "71"]
[EventDate "2011.12.28"]
[EventType "swiss"]
[EventRounds "9"]
[EventCountry "ENG"]
[SourceTitle "CBM 146 Extra"]
[Source "ChessBase"]
[SourceDate "2012.02.29"]
[SourceVersion "1"]
[SourceVersionDate "2012.02.29"]
[SourceQuality "1"]

1. e4 c5 2. Nf3 d6 3. Bb5+ Bd7 4. Bxd7+ Qxd7 5. 0-0 Nf6 6. Qe2 Nc6 7. Rd1 e5 8. c3 Qg4 9. d3 Be7 10. h3 Qe6 11. d4 exd4 12. cxd4 Qxe4 13. Qb5 0-0-0 14. Nc3 Qf5 15. d5 Nb4 16. Qc4 g5 17. a3 Nc2 18. Ra2 Rhg8 19. b4 Kb8 20. Ne2 Nd4 21. Nfxd4 cxd4 22. Qxd4 g4 23. Be3 b6 24. Ng3 Qd7 25. h4 Ne8 26. a4 Bf6 27. Qe4 Rc8 28. a5 b5 29. Rc2 Nc7 30. Rc6 Rge8 31. Qd3 Re5 32. Ne4 Nxd5 33. Rxd6 Nxb4 34. Rxd7 Nxd3 35. Nxf6 Nb4 36. Bf4 1-0

[Event "Hastings Masters op 87th"]
[Site "Hastings"]
[Date "2011.12.30"]
[Round "3"]
[White "Lakshmi, Sahiti P"]
[Black "Vovk, Yuri"]
[Result "0-1"]
[WhiteElo "2110"]
[BlackElo "2571"]
[PlyCount "70"]
[EventDate "2011.12.28"]
[EventType "swiss"]
[EventRounds "9"]
[EventCountry "ENG"]
[SourceTitle "CBM 146 Extra"]
[Source "ChessBase"]
[SourceDate "2012.02.29"]
[SourceVersion "1"]
[SourceVersionDate "2012.02.29"]
[SourceQuality "1"]

1. e4 e5 2. Nf3 Nc6 3. Bb5 a6 4. Ba4 Nf6 5. 0-0 Be7 6. Re1 b5 7. Bb3 d6 8. c3 0-0 9. d4 Bg4 10. Be3 exd4 11. cxd4 d5 12. e5 Ne4 13. Nc3 Nxc3 14. bxc3 f5 15. Bc2 f4 16. Bc1 Qd7 17. a4 b4 18. c4 Be6 19. cxd5 Bxd5 20. e6 Qd6 21. Ne5 Nxe5 22. Rxe5 f3 23. Bh6 b3 24. Bb1 Rf6 25. Bc1 Rxe6 26. Ba3 Qd8 27. Qd3 Rxe5 28. Qxh7+ Kf8 29. dxe5 Bxa3 30. Rxa3 Qg5 31. Qf5+ Qxf5 32. Bxf5 Re8 33. gxf3 Rxe5 34. Bd3 Re1+ 35. Kg2 a5 0-1

[Event "IND-ch U19 Girls 25th"]
[Site "Puri"]
[Date "2010.10.06"]
[Round "8"]
[White "Lakshmi, Sahiti P"]
[Black "Mohana, Priya J"]
[Result "0-1"]
[WhiteElo "2113"]
[BlackElo "2030"]
[PlyCount "74"]
[EventDate "2010.10.01"]
[EventType "tourn"]
[EventRounds "11"]
[EventCountry "IND"]
[SourceTitle "CBM 138 Extra"]
[Source "ChessBase"]
[SourceDate "2010.10.29"]
[SourceVersion "1"]
[SourceVersionDate "2010.10.29"]
[SourceQuality "1"]

1. e4 c5 2. Nf3 Nc6 3. d4 cxd4 4. Nxd4 Nf6 5. Nc3 e5 6. Ndb5 d6 7. Bg5 a6 8. Na3 b5 9. Bxf6 gxf6 10. Nd5 f5 11. Bd3 Be6 12. 0-0 Bxd5 13. exd5 Ne7 14. Nxb5 Bg7 15. Nc3 e4 16. Bc4 Qa5 17. Qd2 Rc8 18. Nxe4 Qb6 19. Qg5 Rg8 20. Rae1 fxe4 21. Rxe4 Be5 22. Qh6 Qxb2 23. Bb3 Qc3 24. f4 Qd2 25. Ba4+ Kd8 26. Qh3 Rc7 27. Rb1 Rb7 28. Rbe1 Bd4+ 29. Kh1 f5 30. Re6 Be5 31. Rf1 Qxf4 32. g3 Qe4+ 33. Qg2 Qxa4 34. Re1 Qe4 35. Qxe4 fxe4 36. Rxe4 Rb1+ 37. Kg2 Rb2 0-1

[Event "IND-ch U19 Girls 25th"]
[Site "Puri"]
[Date "2010.10.05"]
[Round "7"]
[White "Lakshmi, Sahiti P"]
[Black "Sithalatchumi, A."]
[Result "1-0"]
[WhiteElo "2113"]
[BlackElo "1954"]
[PlyCount "61"]
[EventDate "2010.10.01"]
[EventType "tourn"]
[EventRounds "11"]
[EventCountry "IND"]
[SourceTitle "CBM 138 Extra"]
[Source "ChessBase"]
[SourceDate "2010.10.29"]
[SourceVersion "1"]
[SourceVersionDate "2010.10.29"]
[SourceQuality "1"]

1. e4 e6 2. d4 d5 3. Nd2 a6 4. Ngf3 c5 5. exd5 exd5 6. dxc5 Bxc5 7. Nb3 Ba7 8. Bg5 Ne7 9. Bd3 Nbc6 10. 0-0 0-0 11. Re1 Qd6 12. c3 Ng6 13. Be3 Bxe3 14. Rxe3 Bg4 15. h3 Be6 16. Ng5 Rfe8 17. Qh5 h6 18. Bxg6 fxg6 19. Qxg6 hxg5 20. Rae1 Qf4 21. Rxe6 Rf8 22. R1e2 Qh4 23. Nc5 Rac8 24. Nd7 Nd4 25. Nxf8 Nxe2+ 26. Rxe2 Rxf8 27. g3 Qa4 28. Qe6+ Kh8 29. Qxd5 b6 30. h4 Qg4 31. Re5 1-0

[Event "IND-ch U19 Girls 25th"]
[Site "Puri"]
[Date "2010.10.02"]
[Round "3"]
[White "Hema, Priya N"]
[Black "Lakshmi, Sahiti P"]
[Result "1-0"]
[WhiteElo "1836"]
[BlackElo "2113"]
[PlyCount "63"]
[EventDate "2010.10.01"]
[EventType "tourn"]
[EventRounds "11"]
[EventCountry "IND"]
[SourceTitle "CBM 138 Extra"]
[Source "ChessBase"]
[SourceDate "2010.10.29"]
[SourceVersion "1"]
[SourceVersionDate "2010.10.29"]
[SourceQuality "1"]

1. d4 Nf6 2. c4 g6 3. g3 Bg7 4. Bg2 0-0 5. Nf3 d6 6. 0-0 Nc6 7. Qc2 Bf5 8. Qb3 Na5 9. Qa4 c5 10. dxc5 dxc5 11. Ne5 Nd7 12. Bd2 Bxe5 13. Bxa5 Nb6 14. Qb3 Be6 15. Nc3 Qd4 16. Bxb6 axb6 17. Bxb7 Bxc4 18. Qc2 Rab8 19. Bf3 Bg7 20. Rfd1 Qe5 21. Bd5 Ba6 22. Qa4 Bc8 23. Rd3 b5 24. Qa7 e6 25. Bg2 g5 26. Rad1 f6 27. Re3 Rf7 28. Rxe5 Rxa7 29. Rd8+ Kf7 30. Rxc5 b4 31. Ne4 Raa8 32. Rdxc8 1-0

[Event "IND-ch U19 Girls 25th"]
[Site "Puri"]
[Date "2010.10.02"]
[Round "2"]
[White "Lakshmi, Sahiti P"]
[Black "Aparajita, Gochhikar"]
[Result "1-0"]
[WhiteElo "2113"]
[BlackElo "1896"]
[PlyCount "51"]
[EventDate "2010.10.01"]
[EventType "tourn"]
[EventRounds "11"]
[EventCountry "IND"]
[SourceTitle "CBM 138 Extra"]
[Source "ChessBase"]
[SourceDate "2010.10.29"]
[SourceVersion "1"]
[SourceVersionDate "2010.10.29"]
[SourceQuality "1"]

1. e4 e5 2. Nf3 Nc6 3. Bb5 a6 4. Ba4 Nf6 5. 0-0 b5 6. Bb3 Bc5 7. d3 d6 8. a4 Bg4 9. c3 0-0 10. h3 Bh5 11. Bg5 h6 12. Bxf6 Qxf6 13. Bd5 Ne7 14. Bxa8 Rxa8 15. axb5 a5 16. b4 Bb6 17. Nbd2 a4 18. Rxa4 Rf8 19. g4 Bg6 20. Nh2 d5 21. Qf3 Qe6 22. exd5 Nxd5 23. c4 Nc3 24. Ra6 Rd8 25. c5 Rxd3 26. Qa8+ 1-0

[Event "IND-ch U19 Girls 25th"]
[Site "Puri"]
[Date "2010.10.01"]
[Round "1"]
[White "Akhade, Vaishnavi"]
[Black "Lakshmi, Sahiti P"]
[Result "0-1"]
[WhiteElo "1618"]
[BlackElo "2113"]
[PlyCount "68"]
[EventDate "2010.10.01"]
[EventType "tourn"]
[EventRounds "11"]
[EventCountry "IND"]
[SourceTitle "CBM 138 Extra"]
[Source "ChessBase"]
[SourceDate "2010.10.29"]
[SourceVersion "1"]
[SourceVersionDate "2010.10.29"]
[SourceQuality "1"]

1. d4 Nf6 2. Nf3 g6 3. c4 Bg7 4. Nc3 d6 5. e4 0-0 6. h3 e5 7. Be3 exd4 8. Nxd4 Re8 9. Bd3 Na6 10. 0-0 Nc5 11. Qc2 a5 12. Rad1 Nfd7 13. Rfe1 Ne5 14. Be2 Be6 15. Nxe6 Nxe6 16. c5 Nc6 17. Bb5 Nb4 18. Qb3 c6 19. Rxd6 Qc7 20. Bc4 Nf8 21. Bf4 Be5 22. Bxe5 Rxe5 23. Rf6 Re7 24. Na4 Rae8 25. g3 Ne6 26. Bxe6 fxe6 27. a3 Qe5 28. Rf3 Na6 29. Rc3 Rd8 30. f4 Qd4+ 31. Kf1 Kg7 32. Qb6 e5 33. fxe5 Rf8+ 34. Kg2 Qf2+ 0-1

[Event "IND Challenger (Women)"]
[Site "Nagpur"]
[Date "2009.09.14"]
[Round "10"]
[White "Mohanty, Kiran Monisha"]
[Black "Lakshmi, Sahiti P"]
[Result "0-1"]
[WhiteElo "2153"]
[BlackElo "2095"]
[PlyCount "88"]
[EventDate "2009.09.07"]
[EventType "swiss"]
[EventRounds "11"]
[EventCountry "IND"]
[SourceTitle "CBM 132 Extra"]
[Source "ChessBase"]
[SourceDate "2009.11.03"]
[SourceVersion "1"]
[SourceVersionDate "2009.11.03"]
[SourceQuality "1"]

1. e4 c5 2. Nf3 d6 3. d4 cxd4 4. Nxd4 Nf6 5. Nc3 a6 6. Bg5 e6 7. f4 Be7 8. Qf3 Qc7 9. 0-0-0 Nbd7 10. Bd3 h6 11. Qh3 Nb6 12. f5 e5 13. Bxf6 Bxf6 14. Nde2 Bd7 15. Nd5 Nxd5 16. exd5 e4 17. Bxe4 Qc4 18. Nc3 Rc8 19. Bd3 Qf4+ 20. Kb1 Bxc3 21. bxc3 Rxc3 22. Rhe1+ Kd8 23. Re4 Qxf5 24. Qg3 Qxe4 25. Qxd6 Qe7 26. Qb6+ Kc8 27. d6 Qe5 28. Bxa6 bxa6 29. Qxa6+ Kd8 30. Rd3 Rc6 31. Qa8+ Rc8 32. Qa3 Bf5 33. d7 Qb5+ 34. Ka1 Rb8 35. Rb3 Qe5+ 36. Kb1 Rxb3+ 37. axb3 Qc3 38. Qa8+ Ke7 39. Qa3+ Kxd7 40. Qa7+ Qc7 41. Qa4+ Ke6 42. Qa6+ Qd6 43. Qc4+ Kf6 44. Qc3+ Kg6 0-1

[Event "IND Challenger (Women)"]
[Site "Nagpur"]
[Date "2009.09.12"]
[Round "8"]
[White "Lakshmi, Sahiti P"]
[Black "Priya, Sandhya P"]
[Result "1-0"]
[WhiteElo "2095"]
[BlackElo "2187"]
[PlyCount "121"]
[EventDate "2009.09.07"]
[EventType "swiss"]
[EventRounds "11"]
[EventCountry "IND"]
[SourceTitle "CBM 132 Extra"]
[Source "ChessBase"]
[SourceDate "2009.11.03"]
[SourceVersion "1"]
[SourceVersionDate "2009.11.03"]
[SourceQuality "1"]

1. e4 e5 2. Nf3 Nf6 3. Nxe5 d6 4. Nf3 Nxe4 5. d4 d5 6. Bd3 Nc6 7. 0-0 Bg4 8. Re1 Be7 9. c3 f5 10. Nbd2 0-0 11. Qb3 Na5 12. Qa4 Nc6 13. Qb3 Kh8 14. Qxb7 Rf6 15. Qb3 Rb8 16. Qc2 Bd6 17. Bf1 Nxd2 18. Nxd2 Bxh2+ 19. Kxh2 Rh6+ 20. Kg1 Qh4 21. f3 Qxe1 22. Nb3 Rh5 23. fxg4 fxg4 24. Bg5 Qg3 25. Qf5 Qh2+ 26. Kf2 h6 27. Qxd5 Rf8+ 28. Ke2 Rxg5 29. Qxc6 Qg3 30. Re1 Qf2+ 31. Kd1 Qxb2 32. Re8 Qf2 33. Bd3 h5 34. Qa8 Qg1+ 35. Kc2 Qf2+ 36. Nd2 Rgf5 37. Bxf5 Qxf5+ 38. Kd1 Kg8 39. Rxf8+ Qxf8 40. Qxf8+ Kxf8 41. Ke2 Kf7 42. Ke3 Kf6 43. Ne4+ Kf5 44. c4 h4 45. c5 g3 46. d5 Ke5 47. d6 cxd6 48. cxd6 Ke6 49. Kf3 a5 50. Kg4 g5 51. Nxg5+ Kxd6 52. Kxh4 Kc5 53. Kxg3 Kb4 54. Kf4 Ka3 55. Ne4 Kxa2 56. g4 Kb2 57. Nc5 Kc3 58. g5 Kc4 59. Na4 Kb4 60. g6 Kxa4 61. g7 1-0

[Event "Asia-ch U18 Girls"]
[Site "Tashkent"]
[Date "2007.07.05"]
[Round "7"]
[White "Lakshmi, Sahiti P"]
[Black "Preethi, Rajkumar"]
[Result "0-1"]
[WhiteElo "2134"]
[BlackElo "2115"]
[PlyCount "74"]
[EventDate "2007.06.28"]
[EventType "swiss"]
[EventRounds "9"]
[EventCountry "UZB"]
[SourceTitle "CBM 119 Extra"]
[Source "ChessBase"]
[SourceDate "2007.09.04"]
[SourceVersion "1"]
[SourceVersionDate "2007.09.04"]
[SourceQuality "1"]

1. e4 c5 2. Nf3 Nc6 3. d4 cxd4 4. Nxd4 Nf6 5. Nc3 e5 6. Ndb5 d6 7. Bg5 a6 8. Na3 b5 9. Bxf6 gxf6 10. Nd5 f5 11. Bd3 Be6 12. Qh5 Rg8 13. g3 Rg5 14. Qd1 Bxd5 15. exd5 Ne7 16. Nxb5 e4 17. Be2 Bg7 18. Qd2 f4 19. Nc3 e3 20. fxe3 fxe3 21. Qxe3 Re5 22. Qd3 Qb6 23. 0-0-0 Rb8 24. Na4 Qb4 25. Qxh7 Rxe2 26. Qxg7 Qxa4 27. Rd2 Rxd2 28. Kxd2 Rc8 29. c3 Qxa2 30. Kc2 Qa4+ 31. Kd2 Rc5 32. Qh8+ Kd7 33. Qa8 Rxd5+ 34. Ke3 Qc2 35. Rf1 Re5+ 36. Kd4 Nc6+ 37. Kc4 Rc5# 0-1

[Event "Asia-ch U18 Girls"]
[Site "Tashkent"]
[Date "2007.07.04"]
[Round "6"]
[White "Davletbayeva, Madina"]
[Black "Lakshmi, Sahiti P"]
[Result "1-0"]
[WhiteElo "2165"]
[BlackElo "2134"]
[PlyCount "53"]
[EventDate "2007.06.28"]
[EventType "swiss"]
[EventRounds "9"]
[EventCountry "UZB"]
[SourceTitle "CBM 119 Extra"]
[Source "ChessBase"]
[SourceDate "2007.09.04"]
[SourceVersion "1"]
[SourceVersionDate "2007.09.04"]
[SourceQuality "1"]

1. e4 c5 2. c3 Nf6 3. e5 Nd5 4. Nf3 Nc6 5. Bc4 Nb6 6. Bb3 d5 7. exd6 Qxd6 8. 0-0 e6 9. d4 cxd4 10. Nxd4 Nxd4 11. cxd4 Bd7 12. Nc3 Bc6 13. Re1 Rd8 14. Qh5 g6 15. Qh3 Bg7 16. Bg5 Ra8 17. d5 Bxd5 18. Rad1 h6 19. Nxd5 hxg5 20. Nf6+ Bxf6 21. Qxh8+ Bxh8 22. Rxd6 Bxb2 23. g3 Ke7 24. Red1 Rc8 25. a4 Rc7 26. R6d2 Bf6 27. Kf1 1-0

[Event "IND-chB (Women) 34th"]
[Site "Hyderabad"]
[Date "2007.05.21"]
[Round "?"]
[White "Lakshmi, Sahiti P"]
[Black "Gupta, Diotima Dutta"]
[Result "1-0"]
[WhiteElo "2134"]
[BlackElo "1702"]
[PlyCount "69"]
[EventDate "2007.05.21"]
[EventType "swiss"]
[EventRounds "11"]
[EventCountry "IND"]
[SourceTitle "EXT 2010"]
[Source "ChessBase"]
[SourceDate "2010.11.25"]
[SourceVersion "1"]
[SourceVersionDate "2010.11.25"]
[SourceQuality "1"]

1. e4 c5 2. Nf3 d6 3. d4 cxd4 4. Nxd4 Nf6 5. Nc3 a6 6. Bg5 e6 7. f4 Be7 8. Qf3 Qc7 9. 0-0-0 Nbd7 10. g4 b5 11. Bxf6 Nxf6 12. g5 Nd7 13. f5 Ne5 14. Qh5 g6 15. Qh6 Bf8 16. Qh4 gxf5 17. exf5 Bb7 18. Ne4 exf5 19. Nf6+ Kd8 20. Rg1 Rc8 21. Qe1 Be4 22. Nxe4 fxe4 23. Qxe4 Bg7 24. Nf5 Bf8 25. c3 Qc5 26. Rg3 b4 27. Rd5 Qf2 28. Bxa6 Rc5 29. Qxe5 Rxd5 30. Qxd5 Qe1+ 31. Kc2 Qe6 32. Qa8+ Kc7 33. Qb7+ Kd8 34. Qb8+ Qc8 35. Qxc8# 1-0

[Event "New Delhi Parsvnath op 5th"]
[Site "New Delhi"]
[Date "2007.01.15"]
[Round "2"]
[White "Barua, Dibyendu"]
[Black "Lakshmi, Sahiti P"]
[Result "1-0"]
[WhiteElo "2467"]
[BlackElo "2166"]
[PlyCount "93"]
[EventDate "2007.01.15"]
[EventType "swiss"]
[EventRounds "10"]
[EventCountry "IND"]
[SourceTitle "CBM 116 Extra"]
[Source "ChessBase"]
[SourceDate "2007.03.07"]
[SourceVersion "1"]
[SourceVersionDate "2007.03.07"]
[SourceQuality "1"]

1. e4 c5 2. Nf3 d6 3. d4 cxd4 4. Nxd4 Nf6 5. Nc3 a6 6. Be2 e5 7. Nb3 Be7 8. 0-0 0-0 9. Be3 b6 10. Qd2 Bb7 11. f3 Nbd7 12. a4 Qc7 13. Rfd1 Rfd8 14. Bf1 Bc6 15. Qf2 Qb7 16. Bc4 Rdc8 17. Qf1 Nf8 18. Rd2 Ng6 19. Rad1 h6 20. Nc1 Rcb8 21. Nb3 Rc8 22. g3 Nf8 23. Qe2 Ne6 24. Nd5 Bxd5 25. exd5 Ng5 26. Bd3 Nxd5 27. Bxg5 Bxg5 28. Be4 Bxd2 29. Rxd2 Qd7 30. Bxd5 Ra7 31. Qe4 Kh8 32. g4 g6 33. Rg2 Rac7 34. c3 Qe7 35. Qe3 Kg7 36. Qxb6 Qg5 37. Re2 h5 38. Qxd6 Re7 39. Nd2 hxg4 40. f4 Qh4 41. fxe5 Qg5 42. e6 Rce8 43. Ne4 Qc1+ 44. Kg2 f5 45. Qe5+ Kh6 46. Nf2 Rd8 47. c4 1-0

[Event "IND-ch (Women) 33rd"]
[Site "Chennai"]
[Date "2006.12.11"]
[Round "6"]
[White "Swati, Mohota"]
[Black "Lakshmi, Sahiti P"]
[Result "1/2-1/2"]
[WhiteElo "2161"]
[BlackElo "2136"]
[PlyCount "87"]
[EventDate "2006.12.07"]
[EventType "swiss"]
[EventRounds "11"]
[EventCountry "IND"]
[SourceTitle "EXT 2010"]
[Source "ChessBase"]
[SourceDate "2010.11.25"]
[SourceVersion "1"]
[SourceVersionDate "2010.11.25"]
[SourceQuality "1"]

1. d4 Nf6 2. c4 g6 3. Nc3 Bg7 4. e4 d6 5. f3 0-0 6. Be3 c5 7. dxc5 dxc5 8. Qxd8 Rxd8 9. Bxc5 Nc6 10. Ba3 a5 11. Rd1 Be6 12. Nd5 Nb4 13. Nxe7+ Kh8 14. Rxd8+ Rxd8 15. Nd5 Nc2+ 16. Kf2 Nxa3 17. bxa3 b5 18. Nh3 Rc8 19. Ng5 bxc4 20. Nxe6 fxe6 21. Nb6 Nxe4+ 22. Ke3 Rc6 23. Kxe4 Rxb6 24. Bxc4 Bb2 25. Rb1 e5 26. Rd1 Rb7 27. Rd3 Rc7 28. Kd5 Bd4 29. Bb3 Bb2 30. Ke6 Kg7 31. Rd5 Ra7 32. a4 Ra6+ 33. Kd7 Kf6 34. Kc7 Bc3 35. Kb7 Re6 36. Rd8 Re7+ 37. Kb6 Kg5 38. g3 Kf6 39. Rd3 Bb4 40. a3 Be1 41. Rd1 Bc3 42. Rd6+ Kg5 43. Rd3 Be1 44. Rd1 1/2-1/2

[Event "IND-ch (Women) 33rd"]
[Site "Chennai"]
[Date "2006.12.08"]
[Round "2"]
[White "Lakshmi, Sahiti P"]
[Black "Preethi, Rajkumar"]
[Result "1-0"]
[WhiteElo "2136"]
[BlackElo "2060"]
[PlyCount "125"]
[EventDate "2006.12.07"]
[EventType "swiss"]
[EventRounds "11"]
[EventCountry "IND"]
[SourceTitle "EXT 2010"]
[Source "ChessBase"]
[SourceDate "2010.11.25"]
[SourceVersion "1"]
[SourceVersionDate "2010.11.25"]
[SourceQuality "1"]

1. e4 c5 2. Nf3 Nc6 3. d4 cxd4 4. Nxd4 Nf6 5. Nc3 e5 6. Ndb5 d6 7. Bg5 a6 8. Na3 b5 9. Bxf6 gxf6 10. Nd5 f5 11. Bd3 Be6 12. Qh5 Bg7 13. 0-0 f4 14. c4 0-0 15. cxb5 Nd4 16. Nc2 Nxc2 17. Bxc2 axb5 18. Rfd1 Rc8 19. Bb3 Kh8 20. Qe2 Qg5 21. Nb6 f3 22. Qxf3 Rc6 23. Nd5 Bg4 24. Qg3 Qh5 25. Rd2 Bh6 26. Rd3 f5 27. f3 fxe4 28. fxg4 Qg5 29. Rdd1 Qg7 30. Rf1 Rfc8 31. Qf2 Qd7 32. Qf5 Qa7+ 33. Kh1 Rf8 34. Qxe4 Rxf1+ 35. Rxf1 Qf2 36. Qf5 Qxf5 37. gxf5 Kg7 38. f6+ Kf8 39. f7 e4 40. Nf6 e3 41. Nxh7+ Ke7 42. f8Q+ Bxf8 43. Nxf8 e2 44. Ng6+ Kd7 45. Re1 Rc5 46. Kg1 Rg5 47. Nf4 Kc6 48. Rxe2 Rg4 49. g3 Kc5 50. Kg2 Kc6 51. h4 Rg7 52. h5 b4 53. Bd5+ Kb6 54. Be4 Kb5 55. h6 Rg8 56. h7 Rh8 57. g4 Kc5 58. g5 Kd4 59. g6 Ke5 60. g7 Rb8 61. Ng6+ Kf6 62. h8Q Rxh8 63. gxh8Q+ 1-0

[Event "Asia-ch U20 Girls"]
[Site "New Delhi"]
[Date "2006.11.11"]
[Round "6.4"]
[White "Lakshmi, Sahiti P"]
[Black "Padmini, Rout"]
[Result "1-0"]
[WhiteElo "2136"]
[BlackElo "2188"]
[PlyCount "23"]
[EventDate "2006.11.07"]
[EventType "swiss"]
[EventRounds "9"]
[EventCountry "IND"]
[SourceTitle "CBM 115 Extra"]
[Source "ChessBase"]
[SourceDate "2007.01.10"]
[SourceVersion "1"]
[SourceVersionDate "2007.01.10"]
[SourceQuality "1"]

1. e4 d5 2. exd5 Qxd5 3. Nc3 Qa5 4. d4 Nf6 5. Bc4 c6 6. Bd2 Qd8 7. Nf3 e6 8. Qe2 Be7 9. a4 Nbd7 10. g4 Nd5 11. h4 N7b6 12. Bb3 1-0

[Event "Wch U14 Girls"]
[Site "Batumi"]
[Date "2006.10.22"]
[Round "4"]
[White "Lakshmi, Sahiti P"]
[Black "Hejazipour, Mitra"]
[Result "0-1"]
[WhiteElo "2136"]
[BlackElo "1902"]
[PlyCount "138"]
[EventDate "2006.10.19"]
[EventType "swiss"]
[EventRounds "13"]
[EventCountry "GEO"]
[SourceTitle "EXT 2007"]
[Source "ChessBase"]
[SourceDate "2006.11.23"]
[SourceVersion "1"]
[SourceVersionDate "2006.11.23"]
[SourceQuality "1"]

1. e4 e5 2. Nf3 Nc6 3. Bb5 a6 4. Ba4 Nf6 5. 0-0 Be7 6. Re1 b5 7. Bb3 d6 8. c3 0-0 9. d4 Bg4 10. Be3 Na5 11. dxe5 Bxf3 12. Qxf3 dxe5 13. Nd2 Qd3 14. Bg5 Rad8 15. Qxd3 Rxd3 16. Nf3 Nc6 17. a4 Rd6 18. axb5 axb5 19. Ra6 h6 20. Bh4 g5 21. Bg3 Nd4 22. Rxd6 Nxf3+ 23. gxf3 Bxd6 24. Ra1 Nd7 25. Ra5 Rb8 26. Bd5 Nc5 27. Bc6 Kg7 28. Rxb5 Rxb5 29. Bxb5 f6 30. h4 Kf7 31. Kg2 Ke7 32. Kh3 Ne6 33. Bc4 Ng7 34. b4 Kd7 35. hxg5 hxg5 36. f4 exf4 37. Bh2 Be5 38. f3 Bxc3 39. Bg1 Bxb4 40. Bd4 Be7 41. Kg4 c5 42. Bc3 Kd6 43. Bb2 Bd8 44. Bc3 Be7 45. Bb2 Kc6 46. Ba1 Kb6 47. Bc3 Ne8 48. e5 fxe5 49. Bxe5 Ka5 50. Kf5 Kb4 51. Be2 c4 52. Ke6 Bd8 53. Kd7 Bf6 54. Bb8 Ng7 55. Bd6+ Kb3 56. Be7 Bxe7 57. Kxe7 c3 58. Bd3 c2 59. Bxc2+ Kxc2 60. Kf6 Kd3 61. Kxg7 Ke3 62. Kf6 Kxf3 63. Kxg5 Kg3 64. Kh5 f3 65. Kh6 f2 66. Kh5 f1Q 67. Kh6 Qf5 68. Kg7 Qe6 69. Kf8 Qd7 0-1

[Event "Asia-ch U16 Girls"]
[Site "Bishkek"]
[Date "2006.??.??"]
[Round "3"]
[White "Petrukhina, Olga"]
[Black "Lakshmi, Sahiti P"]
[Result "1-0"]
[WhiteElo "2043"]
[BlackElo "2074"]
[PlyCount "100"]
[EventDate "2006.09.02"]
[EventType "swiss"]
[EventRounds "9"]
[EventCountry "KGZ"]
[SourceTitle "EXT 2007"]
[Source "ChessBase"]
[SourceDate "2006.11.23"]
[SourceVersion "1"]
[SourceVersionDate "2006.11.23"]
[SourceQuality "1"]

1. e4 c5 2. c3 Nf6 3. e5 Nd5 4. d4 cxd4 5. Qxd4 e6 6. Nf3 Nc6 7. Qe4 d6 8. Nbd2 dxe5 9. Nxe5 Nxe5 10. Qxe5 f6 11. Bb5+ Kf7 12. Qh5+ g6 13. Qf3 Bg7 14. 0-0 Rf8 15. Rd1 Nb6 16. Nc4 Qe7 17. Nxb6 axb6 18. Bf4 Qc5 19. Bd7 e5 20. Rd5 Qc4 21. Bxc8 Rfxc8 22. Rd7+ Kf8 23. Bxe5 Rc6 24. Bd6+ Kg8 25. Qe3 Kh8 26. Qe7 Qg8 27. Re1 Rcc8 28. Bc7 Rxa2 29. Bxb6 Rxb2 30. Bd4 Qf8 31. Rxb7 Rxb7 32. Qxb7 Re8 33. Rxe8 Qxe8 34. h3 h5 35. Qf3 Qe6 36. Qe3 Qf7 37. h4 Kh7 38. g3 Qb3 39. Qe7 Qd1+ 40. Kg2 Qa4 41. Qe6 Qa8+ 42. Kh2 Qd8 43. Be3 g5 44. Qf5+ Kh6 45. c4 Bf8 46. hxg5+ fxg5 47. Bxg5+ Qxg5 48. Qxf8+ Kh7 49. Qf4 Qc5 50. Qe4+ Kg7 1-0

[Event "Wch U12 Girls"]
[Site "Belfort"]
[Date "2005.07.26"]
[Round "9"]
[White "Lakshmi, Sahiti P"]
[Black "Arabidze, Meri"]
[Result "0-1"]
[WhiteElo "1984"]
[BlackElo "1599"]
[PlyCount "178"]
[EventDate "2005.07.19"]
[EventType "swiss"]
[EventRounds "11"]
[EventCountry "FRA"]
[SourceTitle "CBM 107 Extra"]
[Source "ChessBase"]
[SourceDate "2005.09.01"]
[SourceVersion "1"]
[SourceVersionDate "2005.09.01"]
[SourceQuality "1"]

1. e4 c5 2. Nf3 e6 3. d4 cxd4 4. Nxd4 a6 5. Nc3 Qc7 6. Be2 Nc6 7. 0-0 Nf6 8. Be3 Bb4 9. Na4 Rb8 10. c4 Bd6 11. Nf3 Ng4 12. Bb6 Bxh2+ 13. Kh1 Qf4 14. Be3 Qd6 15. Bb6 Qf4 16. Be3 Qd6 17. Qxd6 Bxd6 18. Bb6 Ra8 19. Rad1 Bb8 20. Rd2 Nf6 21. Bd3 0-0 22. Bc2 d6 23. Nc3 Nd7 24. Be3 Nde5 25. Nxe5 Nxe5 26. Bb3 Bc7 27. Na4 h6 28. Bb6 Bb8 29. c5 d5 30. exd5 exd5 31. Bxd5 Nc6 32. Rfd1 Bf4 33. Re2 Bg4 34. f3 Bf5 35. g4 Bg6 36. Kg2 Rfe8 37. Rde1 Kf8 38. Kf2 Bd3 39. Rxe8+ Rxe8 40. Rxe8+ Kxe8 41. Nc3 Bc1 42. b3 Bb2 43. Ne4 Bd4+ 44. Ke1 Bxe4 45. Bxe4 g6 46. Kd2 Kd7 47. Kd3 Bf2 48. a3 Ke6 49. b4 f5 50. gxf5+ gxf5 51. Bxc6 bxc6 52. a4 h5 53. Ke2 Bd4 54. Kd3 Kd5 55. Bd8 Bf2 56. Ke2 Bg3 57. Ke3 h4 58. f4 Be1 59. Ba5 Bd2+ 60. Kf3 Bc1 61. Bd8 h3 62. Kg3 Bxf4+ 63. Kxh3 Bd2 64. Ba5 Bc1 65. Kg3 Kc4 66. Kf3 Ba3 67. Kf4 Bxb4 68. Bc7 Bxc5 69. Kxf5 Kb4 70. a5 Kb5 71. Ke6 Bb4 72. Kd7 Bxa5 73. Be5 Bb4 74. Ba1 c5 75. Kd6 c4+ 76. Kd5 c3 77. Kd4 c2 78. Bb2 Bd2 79. Kd3 c1Q 80. Bxc1 Bxc1 81. Kc2 Bf4 82. Kb2 a5 83. Kb3 a4+ 84. Ka3 Bd6+ 85. Kb2 Kb4 86. Ka2 a3 87. Ka1 Be5+ 88. Ka2 Ka4 89. Kb1 Kb3 0-1

[Event "Wch U12 Girls"]
[Site "Heraklion"]
[Date "2004.11.10"]
[Round "8"]
[White "Paikidze, Nazi"]
[Black "Lakshmi, Sahiti P"]
[Result "1-0"]
[WhiteElo "2028"]
[BlackElo "1996"]
[PlyCount "109"]
[EventDate "2004.11.04"]
[EventType "swiss"]
[EventRounds "11"]
[EventCountry "GRE"]
[SourceTitle "EXT 2005"]
[Source "ChessBase"]
[SourceDate "2004.11.15"]
[SourceVersion "1"]
[SourceVersionDate "2004.11.15"]
[SourceQuality "1"]

1. d4 Nf6 2. c4 g6 3. Nc3 Bg7 4. e4 d6 5. Be2 0-0 6. Bg5 Na6 7. Qd2 e5 8. d5 Qe8 9. h4 h5 10. f3 Nh7 11. Be3 f5 12. Bd1 Nf6 13. Bc2 Bd7 14. Nge2 Qe7 15. a3 f4 16. Bf2 Nh7 17. 0-0-0 Nc5 18. Bxc5 dxc5 19. d6 cxd6 20. Qxd6 Qxd6 21. Rxd6 Bc6 22. Ba4 Rad8 23. Rhd1 Bxa4 24. Rxd8 Bxd1 25. Rxd1 Rf7 26. Rd8+ Nf8 27. Nd5 Rd7 28. Ra8 b6 29. Nec3 Rb7 30. Nb5 a5 31. Rc8 Kh7 32. Nd6 Rd7 33. Rc6 Ne6 34. Nxb6 Nd4 35. Nxd7 Nxc6 36. Nxc5 Bf6 37. Nf7 Bxh4 38. Nd7 Bf6 39. Nxf6+ Kg7 40. Nd8 Nxd8 41. Nd5 Kh6 42. b4 axb4 43. axb4 Kg5 44. Kd2 Kh4 45. Ke2 Kg3 46. Kf1 g5 47. Nf6 h4 48. Nh5+ Kh2 49. c5 Nb7 50. c6 Nd6 51. c7 Nc8 52. Kf2 h3 53. gxh3 Kxh3 54. Nf6 Nb6 55. Ng4 1-0